Türkiye 3. genel enerji kongresi bildirileri (Record no. 6677)
[ view plain ]
| 000 -BAŞLIK | |
|---|---|
| Sabit Uzunlukta Kontrol Alanı | 00987na a2200265 4500 |
| 001 - KONTROL NUMARASI | |
| Denetim Alanı | 17286 |
| 003 - KONTROL NUMARASI IDENTIFIER | |
| Denetim Alanı | MIRAKIL |
| 005 - SON İŞLEM TARİHİ VE ZAMANI | |
| Denetim Alanı | 20181213155115.0 |
| 008 - SABİT-BOY VERİ ELEMANLARI - GENEL BİLGİLER | |
| Sabit Uzunlukta Kontrol Alanı | 161024b tu 000 0 |
| 035 ## - SİSTEM KONTROL NUMARASI | |
| Sistem Kontrol Numarası | 17286 |
| 040 ## - KATALOGLAMA KAYNAK | |
| Orijinal Kataloglama Ajansı | Milas |
| Kataloglama Dili | tur |
| Metne Dönüştürmek Ajansı | TR-AnCHP |
| 041 ## - DİL KODU | |
| Metin / Ses Parça Veya Ayrı Başlığın Dil Kodu | tur |
| 082 ## - DEWEY ONLU SINIFLANDIRMA NUMARASI | |
| Sınıflandırma Numarası | 621.31204 |
| Ürün Numarası | T96t 1978 |
| 090 ## - SINIFLAMA NUMARASI | |
| Sınıflama Numarası | 621.31204 T96t 1978 |
| 111 ## - ANA GİRİŞ - TOPLANTI ADI | |
| Giriş Elemanı Olarak Toplantı Adı Veya Yargı Alanı Adı | Türkiye Enerji Kongresi |
| Toplantının Yeri | Ankara |
| Toplantı Veya Antlaşma İmzalandığı Tarihi | 1978 |
| Bölüm / Bölüm / Toplantı Sayısı | 3. |
| 245 ## - BAŞLIK TABLOSU | |
| Başlık | Türkiye 3. genel enerji kongresi bildirileri |
| Sorumluluk Tablosu, Vb | Dünya Enerji Konferansı Türk Milli Komitesi |
| 260 ## - YAYIN, DAĞITIM, VB | |
| Yayın, Dağıtım, Vb Yeri | Ankara |
| Yayıncı, Dağıtıcı, Vs Adı | [yay.y.] |
| Yayın, Dağıtım, Vb Tarihi | 1978 |
| Üretici Firma | Doğuş Matbaası |
| 300 ## - FİZİKSEL TANIM | |
| Kapsam | 3 c. |
| Diğer Fiziksel Ayrıntıları | tbl. ; grf. ; fotg. |
| Boyutlar | 20 sm. |
| 504 ## - KAYNAKÇA VB NOT | |
| Kaynakça Vb Notu | Kaynakça var. |
| 505 ## - BİÇİMLENDİRİLDİ İÇİNDEKİLER NOT | |
| Biçimlendirilmiş İçeriği Dikkat | c. 1. Alışılmış (konveksiyonel) enerji kaynakları -- c. 2. Enerji kullanımı ve tutumluluğu -- c. 3. Enerji konusundaki genel sorunlar |
| 650 ## - KONU KATMA GİRİŞ - TOPİKAL DÖNEM | |
| Topikal Süreli Veya Coğrafi Ad Giriş Elemanı | Çevre politikaları |
| Genel Alt Bölümü | Kongreler |
| Coğrafi Alt Bölümü | Türkiye |
| 650 ## - KONU KATMA GİRİŞ - TOPİKAL DÖNEM | |
| Topikal Süreli Veya Coğrafi Ad Giriş Elemanı | Enerji politikası |
| Genel Alt Bölümü | Kongreler |
| Coğrafi Alt Bölümü | Türkiye |
| 650 ## - KONU KATMA GİRİŞ - TOPİKAL DÖNEM | |
| Topikal Süreli Veya Coğrafi Ad Giriş Elemanı | Enerji kaynakları |
| Genel Alt Bölümü | Kongreler |
| Coğrafi Alt Bölümü | Türkiye |
| 942 ## - EKLENDİ GİRİŞ ELEMANLARI (KOHA) | |
| Sınıflandırma Veya Raf Düzeni Kaynak | Dewey Decimal Classification |
| Koha Öğesi Türü | Books |
| 999 ## - SİSTEM KONTROL NUMARALARI (KOHA) | |
| Koha Biblionumber | 6677 |
| Koha Biblioitemnumber | 6677 |
| Kalıcı Konum | Mevcut Konum | Edinme Tarihi | Edinim Kaynak | Toplam Check-Out'Lar | Tam Çağrı Numarası | Barkod | Tarih Son Görülme | İtibaren Geçerli Fiyatlar | Koha Öğesi Türü | Seri Numaralandırma / Kronolojik |
|---|---|---|---|---|---|---|---|---|---|---|
| CHP Kütüphanesi | CHP Kütüphanesi | 10/24/2016 | Bağış | 621.31204 T96t 1978 | 007610 | 10/24/2016 | 10/24/2016 | Books | ||
| CHP Kütüphanesi | CHP Kütüphanesi | 10/24/2016 | Bağış | 621.31204 T96t 1978 | 007611 | 10/24/2016 | 10/24/2016 | Books | ||
| CHP Kütüphanesi | CHP Kütüphanesi | 10/24/2016 | Bağış | 621.31204 T96t 1978 | 007612 | 10/24/2016 | 10/24/2016 | Books | c.2 |
